Score 0/20 Timer 08:00
2 Plays Today
% Correct
Sherlock Holmes
97.7%
Bridget Jones
95.1%
Hercule Poirot
92.7%
007
91.8%
Ebenezer Scrooge
91.6%
Mr Benn
88%
Mary Poppins
85.5%
Harry Potter
85%
Sweeney Todd
82.8%
Paddington Bear
82.6%
% Correct
Eliza Doolittle
82%
Inspector Wexford
77.3%
The Buddha of Suburbia
77.3%
Phileas Fogg
74.8%
The Elephant Man
70.1%
Lady Slane
69.7%
Nicholas Hawksmoor
67.1%
Big Brother
63.8%
Fu Manchu
53.6%
Cecilia Tallis
51.1%
Remove Ads.
Support Sporcle.
Get the best of Sporcle when you Go Orange. This ad-free experience offers more features, more stats, and more fun while also helping to support Sporcle. Thank you for becoming a member.

You're not logged in!

Compare scores with friends on all Sporcle quizzes.
OR
Log In

Show Comments

Extras

Top Quizzes Today


Score Distribution

Your Account Isn't Verified!

In order to create a playlist on Sporcle, you need to verify the email address you used during registration. Go to your Sporcle Settings to finish the process.

Report this User

Report this user for behavior that violates our Community Guidelines.

Details: